NFL Teams by State - Statistics

General Stats
  • This quiz has been taken 61 times
  • The average score is 20 of 32
Answer Stats
Hint Answer % Correct
Eagles Pennsylvania
75%
Chargers California
73%
Lions Michigan
73%
49ers California
70%
Buccaneers Florida
70%
Dolphins Florida
70%
Bears Illinois
70%
Panthers North Carolina
70%
Cowboys Texas
70%
Rams California
68%
Broncos Colorado
68%
Falcons Georgia
68%
Saints Louisiana
68%
Patriots Massachusetts
68%
Bills New York
68%
Browns Ohio
68%
Texans Texas
68%
Jaguars Florida
66%
Vikings Minnesota
66%
Bengals Ohio
66%
Titans Tennessee
66%
Cardinals Arizona
64%
Colts Indiana
64%
Raiders Nevada
64%
Steelers Pennsylvania
64%
Ravens Maryland
61%
Seahawks Washington
61%
Chiefs Missouri
59%
Packers Wisconsin
52%
Giants New Jersey
39%
Jets New Jersey
27%
Commanders Maryland
11%
No matching quizzes found
Score Distribution
Percent of People with Each Score
Percentile by Number Answered
Your Score History
You have not taken this quiz